00746nam a2200229Ia 4500003000900000008004100009020001800050040001600068080001600084100002400100245009800124260002600222300001400248650004100262650002500303650002500328700002300353700002600376942000700402999001500409952009200424IN-BaIIA211028s9999 xx 000 0 eng d a0-930594-01-0 cIIA Library a519.68bWEL aWeller, W. J910420 0aPractical microcomputer programmingbthe Intel 8080cW.J. Weller, A.V. Shatzel and H.Y. Nice. aChicagobDirectc1976 aix, 306p. aAstronomy and astrophysics thesaurus aComputer programming aMicrocomputers99969 aNice, H. Y.910421 aShatzel, A. V.910422 cBK c6003d6003 00104070aBANbBANcGENd1978-11-30l0o519.68/ WELp6706r2021-11-05w1978-11-30yBK